000 00666nam a2200241Ia 4500
003 OSt
005 20220926013034.0
006 a|||||r|||| 00| 0
007 ta
008 220923b |||||||| |||| 00| 0 eng d
037 _cGeneral Book
040 _aRTL
_cRTL
_beng
041 _2eng
_aeng
082 _aX, L2
100 _aHunt E K
245 0 _aEconomics
_b An introduction to traditional and radi
260 _aNew York
_bHarper and Row
_c1972
300 _axxii, 647p
_ccm.
650 _aEconomic Theory
700 _a Sherman Howard j
_9273042
942 _hX, L2
_cGB
_2CC
999 _c625028
_d625028